Spišská Nová Ves meštianske domy : Mestský národný výbor : Pamätník SNP : Hotel Metropol

Zobrazenie: V striebornobielom orámovaní pohľady na meštianske domy, Mestský národný výbor, Pamätník SNP a hotel

Bibliographic Details
Other Authors: Zemiar, Bohuslav, 1952- (Photographer), Vrbovský, František (fotograf) (Photographer)
Format: Photo
Language:Slovak
PhysicalDescription:1 pohľadnica (4 čiastkové pohľady) farebná 15 x 11 cm
Published: Bratislava Pravda 1990
Subjects:

MARC

LEADER 00000ckm a2200000 a 4500
001 vtls001208803
003 SK-MaSNL
005 20260331203242.0
007 kf co
008 230718s1990 xo g 0kuslo
015 |a SNBG1990 
035 |a SNK000151873 
035 |a urn:nbn:sk:snk-km3lwfa 
035 |a B5D1C33B-473C-4170-ABFF-EF79BC8A4110 
035 |a urn:nbn:sk:snk-km00dr9c 
040 |a SNK  |b slo  |c SNK  |e AACR2 
041 0 |a slo 
043 |a e-xo--- 
044 |a xo  |c SK 
072 7 |a 913  |x Regionálna geografia  |2 konspekt 
080 |a 913(437.6)  |2 2011 
080 |a (084.121)  |2 2011 
080 |a 728.3  |2 2011 
080 |a 640.412  |2 2011 
080 |a 725.1:352  |2 2011 
100 1 |a Zemiar, Bohuslav,  |d 1952-  |4 pht  |9 47876 
245 1 0 |a Spišská Nová Ves  |h grafika  |b meštianske domy : Mestský národný výbor : Pamätník SNP : Hotel Metropol  |c foto Bohuslav Zemiar, František Vrbovský 
246 1 |i Názov na obrazovej časti:  |a Spišská Nová Ves 
260 |a Bratislava  |b Pravda  |c 1990 
300 |a 1 pohľadnica (4 čiastkové pohľady)  |b farebná  |c 15 x 11 cm 
520 8 |a Zobrazenie: V striebornobielom orámovaní pohľady na meštianske domy, Mestský národný výbor, Pamätník SNP a hotel 
650 0 7 |a meštianske domy  |2 SNKPH  |9 75846 
650 0 7 |a radnice  |2 SNKPH  |9 27759 
650 0 7 |a hotely  |2 SNKPH  |9 18422 
651 7 |a Spišská Nová Ves (Slovensko)  |2 SNKPHgeo  |9 28800 
655 7 |a miestne pohľadnice  |2 SNKPH  |9 70510 
700 1 |a Vrbovský, František  |c (fotograf)  |4 pht  |9 283300 
852 |a Slovenská národná knižnica 
954 |a pohľadnice pôvodné (slovenské)  |2 lita 
958 |a GBN 
958 |a TL 
958 |a GC 
958 |a OND 
958 |a EUIPO 
999 |c 780653  |d 782583 
952 |a SNK  |b SNK  |y PREZ  |7 0  |p 17A1297681  |o snkSP 144694  |i snk6870/90  |0 0  |1 0  |4 0  |d 2018-12-17  |f 1  |l 0  |r 2026-02-24 01:03:26  |w 2026-02-24 
952 |a SNK  |b SNK  |y PREZ  |7 0  |p 17A1297778  |o snkSP 144694 D1  |i snk6871/90  |0 0  |1 0  |4 0  |d 2018-12-17  |l 0  |r 2026-02-24 01:03:26  |w 2026-02-24